000
00280nam a2200109Ia 4500
008
190216s9999||||xx |||||||||||||| ||und||
100
_a
Agarwala Sk & Keemti Lal
245
0
_a
Advanced Inorganic Chemistry
260
_b
Pragathi Prakashan
_c
1987
300
_a
742p
942
_c
BK
999
_c
2731
_d
2731